Three consecutive steps over the chirally modified Pt surface asymmetric catalytic cascade reaction of 2-nitrophenylpyruvates /

Elmentve itt :
Bibliográfiai részletek
Szerzők: Szőllősi György
Kovács Lenke
Makra Zsolt
Dokumentumtípus: Cikk
Megjelent: Royal Society of Chemistry 2015
Sorozat:CATALYSIS SCIENCE & TECHNOLOGY 5 No. 2
doi:10.1039/c4cy00883a

mtmt:2863042
Online Access:http://publicatio.bibl.u-szeged.hu/13376
LEADER 00843nab a2200217 i 4500
001 publ13376
005 20220607110040.0
008 180516s2015 hu o 0|| angol d
022 |a 2044-4753 
024 7 |a 10.1039/c4cy00883a  |2 doi 
024 7 |a 2863042  |2 mtmt 
040 |a SZTE Publicatio Repozitórium  |b hun 
041 |a angol 
100 1 |a Szőllősi György 
245 1 0 |a Three consecutive steps over the chirally modified Pt surface  |h [elektronikus dokumentum] :  |b asymmetric catalytic cascade reaction of 2-nitrophenylpyruvates /  |c  Szőllősi György 
260 |a Royal Society of Chemistry  |c 2015 
300 |a 697-704 
490 0 |a CATALYSIS SCIENCE & TECHNOLOGY  |v 5 No. 2 
700 0 1 |a Kovács Lenke  |e aut 
700 0 1 |a Makra Zsolt  |e aut 
856 4 0 |u http://publicatio.bibl.u-szeged.hu/13376/2/CatalSciTechnol5%282015%29697.pdf  |z Dokumentum-elérés